[Event "CYCC U12"]
[Site "Sault Ste Marie CAN"]
[Date "2017.07.06"]
[Round "1.57"]
[White "Huang, Patrick"]
[Black "Mukherjee, Pranoy"]
[Result "1-0"]
[WhiteElo "2003"]
[BlackElo "1048"]
[WhiteFideId "-1"]
[WhiteFideId "-1"]
[PlyCount "51"]
[GameId "2160767908410278"]
[EventDate "2017.07.06"]
[EventType "swiss"]
[EventRounds "7"]
[EventCountry "CAN"]
[SourceTitle "EXT 2022"]
[Source "ChessBase"]
[SourceDate "2021.10.06"]
[SourceVersion "1"]
[SourceVersionDate "2021.10.06"]
[SourceQuality "1"]

1. e4 e6 2. d4 d5 3. exd5 exd5 4. c4 Nf6 5. Nf3 Bf5 6. Nc3 c6 7. Be2 Bb4 8. O-O O-O 9. Qb3 Bxc3 10. Qxb7 Nbd7 11. bxc3 Qc8 12. Qb3 Rb8 13. Qa3 Qc7 14. Nh4 Bg4 15. f3 Bh5 16. g4 Bg6 17. Ng2 Rfe8 18. Bf4 Qc8 19. Bxb8 Qxb8 20. Rfe1 dxc4 21. Bxc4 Rxe1+ 22. Rxe1 Nb6 23. Qb3 Qd6 24. g5 Nxc4 25. gxf6 Nd2 26. Re8+ 1-0

[Event "CYCC U12"]
[Site "Sault Ste Marie CAN"]
[Date "2017.07.06"]
[Round "1.58"]
[White "Gaisinsky, Jacob"]
[Black "Zhao, Ian"]
[Result "0-1"]
[WhiteElo "943"]
[BlackElo "1930"]
[WhiteFideId "-1"]
[WhiteFideId "-1"]
[PlyCount "54"]
[GameId "2160767908410279"]
[EventDate "2017.07.06"]
[EventType "swiss"]
[EventRounds "7"]
[EventCountry "CAN"]
[SourceTitle "hb 2017"]

1. e4 e5 2. Nf3 Nc6 3. Bc4 Bc5 4. c3 Nf6 5. d4 exd4 6. cxd4 Bb4+ 7. Nc3 O-O 8. e5 Ne4 9. Qd3 d5 10. exd6 Nxd6 11. O-O Bf5 12. Qe2 Re8 13. Be3 Bg4 14. Bb3 Nxd4 15. Qd1 Nxf3+ 16. gxf3 Bh3 17. Re1 Qf6 18. Bc2 Rxe3 19. Qd5 Rxf3 20. Kh1 Bxc3 21. bxc3 Rxf2 22. Be4 Nxe4 23. Qxe4 Bg2+ 24. Qxg2 Rxg2 25. Kxg2 Qxc3 26. Rac1 Qd2+ 27. Kg3 f5 0-1

[Event "CYCC U12"]
[Site "Sault Ste Marie CAN"]
[Date "2017.07.06"]
[Round "1.59"]
[White "Rusonik, Max"]
[Black "Greco, Justin"]
[Result "1-0"]
[WhiteElo "1846"]
[BlackElo "918"]
[WhiteFideId "-1"]
[WhiteFideId "-1"]
[PlyCount "37"]
[GameId "2160767908410280"]
[EventDate "2017.07.06"]
[EventType "swiss"]
[EventRounds "7"]
[EventCountry "CAN"]
[SourceTitle "hb 2017"]

1. e4 e5 2. f4 exf4 3. Nf3 Nc6 4. d4 Nf6 5. Nc3 Bb4 6. Bd3 d5 7. e5 Bxc3+ 8. bxc3 Ne4 9. O-O Nxc3 10. Qe1 Na4 11. Bxf4 O-O 12. Bg5 f6 13. exf6 gxf6 14. Bh6 Rf7 15. Qg3+ Kh8 16. Ng5 Rd7 17. Nxh7 Rxh7 18. Bxh7 Qe7 19. Qg8# 1-0

[Event "CYCC U12"]
[Site "Sault Ste Marie CAN"]
[Date "2017.07.06"]
[Round "1.60"]
[White "Schaffner, Jack"]
[Black "Doknjas, Neil"]
[Result "0-1"]
[WhiteElo "898"]
[BlackElo "1844"]
[WhiteFideId "-1"]
[WhiteFideId "-1"]
[PlyCount "22"]
[GameId "2160767908410281"]
[EventDate "2017.07.06"]
[EventType "swiss"]
[EventRounds "7"]
[EventCountry "CAN"]
[SourceTitle "EXT 2022"]
[Source "ChessBase"]
[SourceDate "2021.10.06"]
[SourceVersion "1"]
[SourceVersionDate "2021.10.06"]
[SourceQuality "1"]

1. e4 c5 2. Nc3 a6 3. Bc4 e6 4. g4 b5 5. Bf1 Bb7 6. f3 Nc6 7. d3 Qh4+ 8. Kd2 Be7 9. a4 Bg5+ 10. f4 Bxf4+ 11. Ke2 Nd4# 0-1

[Event "CYCC U12"]
[Site "Sault Ste Marie CAN"]
[Date "2017.07.06"]
[Round "1.61"]
[White "Liu, Harry"]
[Black "Mugunthan, Vaamanan"]
[Result "1-0"]
[Annotator ",Microsoft"]
[WhiteElo "1734"]
[BlackElo "865"]
[WhiteFideId "-1"]
[WhiteFideId "-1"]
[PlyCount "31"]
[GameId "2160767739837720"]
[EventDate "2017.07.06"]
[EventType "swiss"]
[EventRounds "7"]
[EventCountry "CAN"]
[SourceTitle "hb 2017"]

1. e4 e5 2. Nf3 Nc6 3. Bc4 Be7 4. O-O Nf6 5. Re1 O-O 6. d4 exd4 7. Nxd4 d6 8. Nc3 Bd7 9. a3 a6 10. Be3 b5 11. Bd5 Nxd5 12. Nxd5 Bf6 13. c4 Be6 14. Nxc6 Qd7 15. Nxf6+ gxf6 16. Nd4 {etc. White won in 36 moves.} 1-0

[Event "CYCC U12"]
[Site "Sault Ste Marie CAN"]
[Date "2017.07.06"]
[Round "1.62"]
[White "Brunet, Marc-Antoine"]
[Black "Wu, Tony (Dongze)"]
[Result "0-1"]
[WhiteElo "850"]
[BlackElo "1734"]
[WhiteFideId "-1"]
[WhiteFideId "-1"]
[PlyCount "88"]
[GameId "2160767908410282"]
[EventDate "2017.07.06"]
[EventType "swiss"]
[EventRounds "7"]
[EventCountry "CAN"]
[SourceTitle "hb 2017"]

1. d4 Nf6 2. e3 e6 3. Bd3 Be7 4. Nd2 d6 5. c3 Nbd7 6. Ngf3 O-O 7. O-O b6 8. e4 Bb7 9. e5 Ne8 10. Ne4 h6 11. Bc2 dxe5 12. dxe5 Nc5 13. Nxc5 Bxc5 14. Qd3 Qxd3 15. Bxd3 Rd8 16. Rd1 a5 17. Bh7+ Kxh7 18. Rxd8 g5 19. h3 Kg6 20. Be3 Be7 21. Rd7 Bxf3 22. gxf3 Bc5 23. Bxc5 bxc5 24. Kg2 Kf5 25. Re1 h5 26. h4 gxh4 27. Kh3 Kg5 28. Re4 f6 29. exf6 Nxf6 30. Rxc7 Nxe4 31. fxe4 c4 32. Rc5+ Kg6 33. Rxa5 Rxf2 34. Kxh4 Rxb2 35. Rxh5 Rh2+ 36. Kg4 Rxh5 37. Kf4 e5+ 38. Kf3 Rh3+ 39. Kg4 Rxc3 40. a3 Rd3 41. Kh4 c3 42. a4 c2 43. a5 c1=Q 44. a6 Qg5# 0-1

[Event "CYCC U12"]
[Site "Sault Ste Marie CAN"]
[Date "2017.07.06"]
[Round "1.63"]
[White "Bui, Alan"]
[Black "Shi, Kevin"]
[Result "1-0"]
[WhiteElo "1716"]
[BlackElo "699"]
[WhiteFideId "-1"]
[WhiteFideId "-1"]
[PlyCount "39"]
[GameId "2160767908410283"]
[EventDate "2017.07.06"]
[EventType "swiss"]
[EventRounds "7"]
[EventCountry "CAN"]
[SourceTitle "hb 2017"]

1. d4 d5 2. Nf3 Nc6 3. Bf4 Nf6 4. e3 Bf5 5. c4 e6 6. Nc3 Bb4 7. Rc1 O-O 8. Be2 Ne4 9. O-O Bxc3 10. bxc3 Qe7 11. cxd5 exd5 12. Qb3 Qd7 13. Qxb7 Rfb8 14. Qxc7 Qxc7 15. Bxc7 Rb2 16. Ba6 Rxa2 17. Bb7 Re8 18. Bxc6 Rc8 19. Bxd5 Rxc7 20. Bxa2 1-0

[Event "CYCC U12"]
[Site "Sault Ste Marie CAN"]
[Date "2017.07.06"]
[Round "1.64"]
[White "Yim, Justin"]
[Black "Zhao, Jonathan"]
[Result "0-1"]
[WhiteElo "748"]
[BlackElo "1692"]
[WhiteFideId "-1"]
[WhiteFideId "-1"]
[PlyCount "58"]
[GameId "2160767908410284"]
[EventDate "2017.07.06"]
[EventType "swiss"]
[EventRounds "7"]
[EventCountry "CAN"]
[SourceTitle "hb 2017"]

1. e4 d5 2. exd5 Qxd5 3. Nc3 Qa5 4. Bc4 Nf6 5. d3 Bf5 6. Nf3 e6 7. O-O c6 8. Be3 Bd6 9. Nd4 Bg6 10. Nb3 Qc7 11. g3 O-O 12. Ne2 Nbd7 13. Bf4 b5 14. Bxd6 Qxd6 15. Bxb5 cxb5 16. Nf4 Bf5 17. c3 e5 18. Ne2 Bh3 19. Re1 Qd5 20. Nf4 exf4 21. Re4 Nxe4 22. Qf3 Nef6 23. Qxd5 Nxd5 24. gxf4 Nxf4 25. d4 Rfe8 26. Rd1 Re6 27. Nc5 Rg6+ 28. Kh1 Bg2+ 29. Kg1 Nh3# 0-1

[Event "CYCC U12"]
[Site "Sault Ste Marie CAN"]
[Date "2017.07.06"]
[Round "1.65"]
[White "Craciun, David"]
[Black "Joseph, Clarin X"]
[Result "1-0"]
[WhiteElo "1617"]
[BlackElo "711"]
[WhiteFideId "-1"]
[WhiteFideId "-1"]
[PlyCount "77"]
[GameId "2160767908410285"]
[EventDate "2017.07.06"]
[EventType "swiss"]
[EventRounds "7"]
[EventCountry "CAN"]
[SourceTitle "hb 2017"]

1. d4 d5 2. e3 Nf6 3. Bd3 Nc6 4. c3 Be6 5. f4 g6 6. Nf3 Bg7 7. O-O O-O 8. Nbd2 Ng4 9. Qe2 Qd6 10. Ne5 Ncxe5 11. fxe5 Bxe5 12. dxe5 Qxe5 13. Nf3 Qd6 14. h3 Nf6 15. e4 Nh5 16. e5 Qc5+ 17. Be3 Qa5 18. Kh2 f5 19. b4 Qa3 20. Qc2 Bd7 21. Nd4 Ba4 22. Nb3 Bc6 23. Nc5 a5 24. Bc1 axb4 25. Bxa3 Rxa3 26. cxb4 b6 27. Ne6 Rfa8 28. Qxc6 Kh8 29. Nxc7 Rc8 30. Qd7 Rb8 31. Qxe7 Rxd3 32. g4 Rd2+ 33. Kg1 Ng7 34. Qf6 Kg8 35. gxf5 Rf8 36. Qg5 Rd3 37. fxg6 Rc8 38. gxh7+ Kxh7 39. Rf7 1-0

[Event "CYCC U12"]
[Site "Sault Ste Marie CAN"]
[Date "2017.07.06"]
[Round "1.66"]
[White "Eirew, David"]
[Black "Gao, Raymond"]
[Result "0-1"]
[WhiteElo "638"]
[BlackElo "1537"]
[WhiteFideId "-1"]
[WhiteFideId "-1"]
[PlyCount "48"]
[GameId "2160767908410286"]
[EventDate "2017.07.06"]
[EventType "swiss"]
[EventRounds "7"]
[EventCountry "CAN"]
[SourceTitle "EXT 2022"]
[Source "ChessBase"]
[SourceDate "2021.10.06"]
[SourceVersion "1"]
[SourceVersionDate "2021.10.06"]
[SourceQuality "1"]

1. e4 e5 2. Nf3 Nc6 3. Bc4 Bc5 4. c3 Nf6 5. d4 exd4 6. cxd4 Bb4+ 7. Bd2 Bxd2+ 8. Nbxd2 d5 9. Bd3 dxe4 10. Nxe4 Nxd4 11. Nxf6+ Qxf6 12. Nxd4 c6 13. Qe2+ Kd8 14. Nf3 Re8 15. Be4 Bf5 16. Rd1+ Kc7 17. Rd4 Re7 18. O-O Rae8 19. Nd2 Qxd4 20. Re1 Bxe4 21. Nxe4 Rxe4 22. Qxe4 Rxe4 23. Rxe4 Qd1+ 24. Re1 Qxe1# 0-1

[Event "CYCC U12"]
[Site "Sault Ste Marie CAN"]
[Date "2017.07.06"]
[Round "2.54"]
[White "Zhao, Jonathan"]
[Black "Issani, Nameer"]
[Result "0-1"]
[WhiteElo "2157"]
[BlackElo "1692"]
[WhiteFideId "-1"]
[WhiteFideId "-1"]
[PlyCount "71"]
[GameId "2160767908410296"]
[EventDate "2017.07.06"]
[EventType "swiss"]
[EventRounds "7"]
[EventCountry "CAN"]
[SourceTitle "hb 2017"]

1. d4 Nf6 2. Nf3 e6 3. Nbd2 c5 4. e3 Nc6 5. Bd3 d5 6. c3 Bd6 7. e4 cxd4 8. cxd4 dxe4 9. Nxe4 Nd5 10. Nxd6+ Qxd6 11. O-O O-O 12. a3 a5 13. Re1 h6 14. Qe2 Rd8 15. Bb5 Nce7 16. Be3 b6 17. Rac1 Bb7 18. Rc2 Nf4 19. Bxf4 Qxf4 20. Qe3 Qg4 21. Bd3 Nd5 22. Qe4 Nf4 23. Qh7+ Kf8 24. Nh4 Qxh4 25. Rc7 Nh3+ 26. gxh3 Qg5+ 27. Kf1 Qg2+ 28. Ke2 Qf3+ 29. Kf1 Qxh3+ 30. Ke2 Qg4+ 31. Ke3 Qf3+ 32. Kd2 Qf4+ 33. Kd1 Bf3+ 34. Re2 Bxe2+ 35. Bxe2 Qxc7 36. Qh8+ 0-1

[Event "CYCC U12"]
[Site "Sault Ste Marie CAN"]
[Date "2017.07.06"]
[Round "2.55"]
[White "Tanaka, Tyler"]
[Black "Craciun, David"]
[Result "1-0"]
[WhiteElo "2085"]
[BlackElo "1617"]
[WhiteFideId "-1"]
[WhiteFideId "-1"]
[PlyCount "63"]
[GameId "2160767908410297"]
[EventDate "2017.07.06"]
[EventType "swiss"]
[EventRounds "7"]
[EventCountry "CAN"]
[SourceTitle "EXT 2022"]
[Source "ChessBase"]
[SourceDate "2021.10.06"]
[SourceVersion "1"]
[SourceVersionDate "2021.10.06"]
[SourceQuality "1"]

1. e4 e5 2. Nf3 Nc6 3. Bb5 a6 4. Ba4 Nf6 5. O-O Be7 6. Re1 b5 7. Bb3 O-O 8. a4 b4 9. d4 d6 10. dxe5 Nxe5 11. Nxe5 dxe5 12. Qe2 Bb7 13. Rd1 Bd6 14. f3 Nh5 15. Be3 Kh8 16. Bd5 c6 17. Bb3 f5 18. Nd2 Qf6 19. Nc4 Bc7 20. Rd7 Rac8 21. Nb6 Bxb6 22. Bxb6 Ba8 23. Bc5 Nf4 24. Qf1 Rfe8 25. Rad1 fxe4 26. fxe4 a5 27. Bf7 h6 28. Bxe8 Rxe8 29. g3 Qg5 30. Kh1 Ne6 31. Qf7 Nxc5 32. Qxe8+ 1-0

[Event "CYCC U12"]
[Site "Sault Ste Marie CAN"]
[Date "2017.07.06"]
[Round "2.56"]
[White "Gao, Raymond"]
[Black "Noorali, Aahil"]
[Result "0-1"]
[WhiteElo "1537"]
[BlackElo "2043"]
[WhiteFideId "-1"]
[WhiteFideId "-1"]
[PlyCount "98"]
[GameId "2160767908410298"]
[EventDate "2017.07.06"]
[EventType "swiss"]
[EventRounds "7"]
[EventCountry "CAN"]
[SourceTitle "hb 2017"]

1. e4 e5 2. Nf3 Nc6 3. Bc4 Bc5 4. c3 Nf6 5. d3 d6 6. O-O O-O 7. Nbd2 Bb6 8. h3 Be6 9. Bb3 h6 10. Re1 Re8 11. Nf1 Bxb3 12. axb3 d5 13. Be3 d4 14. Bd2 Qd7 15. Qc2 Rad8 16. Rad1 Nh5 17. Kh2 dxc3 18. Bxc3 Nd4 19. Nxd4 Bxd4 20. Bxd4 exd4 21. Qc5 Qd6+ 22. Qxd6 Rxd6 23. g4 Nf4 24. Kg3 g5 25. Rd2 Rb6 26. Rc1 Rxb3 27. Rxc7 Nxd3 28. f3 Nf4 29. Rf2 d3 30. Rd2 Ne6 31. Rc3 Rxc3 32. bxc3 Nc5 33. Ne3 Rxe4 34. Kf2 Re6 35. Nc4 Rf6 36. Ke3 Re6+ 37. Kf2 b5 38. Nb2 Rd6 39. Ke3 Kf8 40. Nxd3 Rxd3+ 41. Rxd3 Nxd3 42. Kxd3 Ke7 43. f4 gxf4 44. Ke4 a5 45. Kxf4 a4 46. g5 hxg5+ 47. Kxg5 a3 48. h4 a2 49. h5 a1=Q 0-1

[Event "CYCC U12"]
[Site "Sault Ste Marie CAN"]
[Date "2017.07.06"]
[Round "2.57"]
[White "Kang, Dorian"]
[Black "Zhao, Jeffrey Renfei"]
[Result "1-0"]
[WhiteElo "2026"]
[BlackElo "1525"]
[WhiteFideId "-1"]
[WhiteFideId "-1"]
[PlyCount "95"]
[GameId "2160767908410299"]
[EventDate "2017.07.06"]
[EventType "swiss"]
[EventRounds "7"]
[EventCountry "CAN"]
[SourceTitle "hb 2017"]

1. c4 e5 2. Nc3 f5 3. Nf3 Nc6 4. d4 e4 5. d5 Na5 6. Nd4 Nxc4 7. Nxf5 Nf6 8. Qd4 Nb6 9. Qe5+ Kf7 10. Qd4 g6 11. Ng3 Bg7 12. Ngxe4 Nfxd5 13. Qd1 Nxc3 14. Nxc3 Rf8 15. e4 d6 16. Be2 Be6 17. O-O Kg8 18. Be3 Kh8 19. Bd4 Bxd4 20. Qxd4+ Qf6 21. Qxf6+ Rxf6 22. Nb5 Bd7 23. Nxc7 Rc8 24. Rac1 Bc6 25. Nd5 Bxd5 26. Rxc8+ Nxc8 27. exd5 Nb6 28. Bf3 Nc4 29. b3 Nd2 30. Rc1 Nxf3+ 31. gxf3 Kg7 32. Rc7+ Rf7 33. Rxf7+ Kxf7 34. f4 Kf6 35. Kg2 Kf5 36. Kf3 h6 37. h3 h5 38. a3 a6 39. a4 b6 40. b4 b5 41. a5 Kf6 42. Ke4 Kf7 43. f5 g5 44. f4 g4 45. hxg4 hxg4 46. Ke3 Kf6 47. Kf2 Kxf5 48. Kg3 1-0

[Event "CYCC U12"]
[Site "Sault Ste Marie CAN"]
[Date "2017.07.06"]
[Round "2.58"]
[White "Vo, Andy"]
[Black "Huang, Patrick"]
[Result "0-1"]
[WhiteElo "1512"]
[BlackElo "2003"]
[WhiteFideId "-1"]
[WhiteFideId "-1"]
[PlyCount "74"]
[GameId "2160767908410300"]
[EventDate "2017.07.06"]
[EventType "swiss"]
[EventRounds "7"]
[EventCountry "CAN"]
[SourceTitle "EXT 2022"]
[Source "ChessBase"]
[SourceDate "2021.10.06"]
[SourceVersion "1"]
[SourceVersionDate "2021.10.06"]
[SourceQuality "1"]

1. e4 c5 2. Nf3 d6 3. d4 cxd4 4. Nxd4 Nf6 5. Nc3 a6 6. Be3 e5 7. Nb3 Be6 8. f3 Be7 9. Qd2 Nbd7 10. O-O-O b5 11. g4 Nb6 12. Kb1 Na4 13. g5 Nxc3+ 14. Qxc3 Nd7 15. h4 Rc8 16. Qd2 Nb6 17. f4 Bg4 18. Re1 Nc4 19. Bxc4 bxc4 20. Nc1 Bf3 21. Rhf1 Bxe4 22. Qc3 O-O 23. fxe5 d5 24. Bd4 a5 25. e6 Bb4 26. Qh3 Bxe1 27. exf7+ Rxf7 28. Rxe1 Qd7 29. Qxd7 Rxd7 30. Bc3 a4 31. Ne2 Rb7 32. a3 Rf8 33. Ng3 Rf3 34. Nxe4 dxe4 35. Bd4 c3 36. Rxe4 Rf1+ 37. Ka2 Rxb2# 0-1

[Event "CYCC U12"]
[Site "Sault Ste Marie CAN"]
[Date "2017.07.06"]
[Round "2.59"]
[White "Zhao, Ian"]
[Black "Stopic, Alexander"]
[Result "1-0"]
[WhiteElo "1930"]
[BlackElo "1502"]
[WhiteFideId "-1"]
[WhiteFideId "-1"]
[PlyCount "47"]
[GameId "2160767908410301"]
[EventDate "2017.07.06"]
[EventType "swiss"]
[EventRounds "7"]
[EventCountry "CAN"]
[SourceTitle "hb 2017"]

1. e4 e5 2. Nf3 Nc6 3. Bc4 Nf6 4. d3 Be7 5. O-O O-O 6. c3 d6 7. Nbd2 Bg4 8. h3 Bh5 9. Re1 Na5 10. Bb5 c6 11. Ba4 b5 12. Bc2 Nb7 13. b4 a5 14. Nf1 h6 15. a3 Qc7 16. Ng3 Bg6 17. Bb2 Rad8 18. Nh4 Rfe8 19. Bb3 Bh7 20. Nhf5 Bf8 21. Qf3 Nd7 22. Bxf7+ Kxf7 23. Nxh6+ Kg6 24. Qf5+ 1-0

[Event "CYCC U12"]
[Site "Sault Ste Marie CAN"]
[Date "2017.07.06"]
[Round "2.60"]
[White "Butchart, Kevin"]
[Black "Rusonik, Max"]
[Result "0-1"]
[WhiteElo "1363"]
[BlackElo "1846"]
[WhiteFideId "-1"]
[WhiteFideId "-1"]
[PlyCount "64"]
[GameId "2160767908410302"]
[EventDate "2017.07.06"]
[EventType "swiss"]
[EventRounds "7"]
[EventCountry "CAN"]
[SourceTitle "EXT 2022"]
[Source "ChessBase"]
[SourceDate "2021.10.06"]
[SourceVersion "1"]
[SourceVersionDate "2021.10.06"]
[SourceQuality "1"]

1. e4 e5 2. Nf3 Nc6 3. Bc4 Bc5 4. c3 Nf6 5. d3 a6 6. Bb3 d6 7. h3 h6 8. O-O g5 9. Re1 g4 10. hxg4 Bxg4 11. Nbd2 Rg8 12. Nf1 Nh5 13. N1h2 Bh3 14. Ng5 Rxg5 15. Bxg5 Qxg5 16. Qf3 Nf4 17. g3 O-O-O 18. g4 h5 19. Qg3 Bxg4 20. Nxg4 hxg4 21. Kf1 Rh8 22. Qg1 Bxf2 23. Qxf2 Rh1+ 24. Qg1 Rxg1+ 25. Kxg1 Nh3+ 26. Kh1 Nf2+ 27. Kg2 Nxd3 28. Reb1 Qf4 29. Rf1 Qxe4+ 30. Kh2 Qe2+ 31. Kg1 g3 32. Bxf7 Qh2# 0-1

[Event "CYCC U12"]
[Site "Sault Ste Marie CAN"]
[Date "2017.07.06"]
[Round "2.61"]
[White "Doknjas, Neil"]
[Black "Joseph Benher, Savio"]
[Result "1-0"]
[WhiteElo "1844"]
[BlackElo "1344"]
[WhiteFideId "-1"]
[WhiteFideId "-1"]
[PlyCount "61"]
[GameId "2160767908410303"]
[EventDate "2017.07.06"]
[EventType "swiss"]
[EventRounds "7"]
[EventCountry "CAN"]
[SourceTitle "EXT 2022"]
[Source "ChessBase"]
[SourceDate "2021.10.06"]
[SourceVersion "1"]
[SourceVersionDate "2021.10.06"]
[SourceQuality "1"]

1. e4 e5 2. Nf3 Nc6 3. d4 exd4 4. Nxd4 Nf6 5. Nxc6 bxc6 6. Bd3 d5 7. Qe2 Be7 8. e5 Nd7 9. f4 Nc5 10. O-O Nxd3 11. Qxd3 O-O 12. f5 Bg5 13. Nc3 Bxc1 14. Raxc1 Qg5 15. Rce1 a5 16. Rf3 Ba6 17. Qd4 Rab8 18. f6 Rb4 19. Qa7 Rb6 20. Qxc7 Rb7 21. Qxc6 Rxb2 22. fxg7 Rc8 23. Qxa6 Re8 24. Nxd5 Qd2 25. Nf6+ Kxg7 26. Nxe8+ Kf8 27. Qd6+ Qxd6 28. exd6 Rxc2 29. Rg3 h5 30. Nf6 Rc3 31. Nd7# 1-0

[Event "CYCC U12"]
[Site "Sault Ste Marie CAN"]
[Date "2017.07.06"]
[Round "2.62"]
[White "Yang, Henry"]
[Black "Liu, Harry"]
[Result "1-0"]
[WhiteElo "1318"]
[BlackElo "1734"]
[WhiteFideId "-1"]
[WhiteFideId "-1"]
[PlyCount "43"]
[GameId "2160767908410304"]
[EventDate "2017.07.06"]
[EventType "swiss"]
[EventRounds "7"]
[EventCountry "CAN"]
[SourceTitle "EXT 2022"]
[Source "ChessBase"]
[SourceDate "2021.10.06"]
[SourceVersion "1"]
[SourceVersionDate "2021.10.06"]
[SourceQuality "1"]

1. e4 c5 2. Nf3 d6 3. d4 cxd4 4. Nxd4 Nf6 5. Nc3 g6 6. Be3 Bg7 7. Qd2 Ng4 8. Bb5+ Bd7 9. Bxd7+ Qxd7 10. f3 Nxe3 11. Qxe3 Nc6 12. Nb3 O-O 13. O-O Rac8 14. Kh1 Ne5 15. Qxa7 Nc4 16. Nd5 e6 17. Nb6 Nxb6 18. Qxb6 Rxc2 19. Rfd1 Rd8 20. Rac1 Rc6 21. Rxc6 Qxc6 22. Qxd8+ 1-0

[Event "CYCC U12"]
[Site "Sault Ste Marie CAN"]
[Date "2017.07.06"]
[Round "2.63"]
[White "Wu, Tony"]
[Black "Ran, Xiaoyu"]
[Result "1-0"]
[WhiteElo "1734"]
[BlackElo "1300"]
[WhiteFideId "-1"]
[WhiteFideId "-1"]
[PlyCount "105"]
[GameId "2160767908410305"]
[EventDate "2017.07.06"]
[EventType "swiss"]
[EventRounds "7"]
[EventCountry "CAN"]
[SourceTitle "EXT 2022"]
[Source "ChessBase"]
[SourceDate "2021.10.06"]
[SourceVersion "1"]
[SourceVersionDate "2021.10.06"]
[SourceQuality "1"]

1. d4 f5 2. e4 e6 3. exf5 exf5 4. Nf3 Nf6 5. Bd3 g6 6. O-O d5 7. Re1+ Be7 8. Bh6 Nc6 9. Bg7 Rg8 10. Bxf6 Qd6 11. Bxe7 Nxe7 12. Qe2 Bd7 13. Nc3 Rg7 14. Qe5 Qxe5 15. Rxe5 c6 16. Rae1 h6 17. Nh4 Kf8 18. Rxe7 Re8 19. Rxe8+ Bxe8 20. Na4 b6 21. Nc3 Bd7 22. b4 Kf7 23. b5 Kf6 24. bxc6 Bxc6 25. Re5 Rd7 26. g4 fxg4 27. Nxg6 Kf7 28. Bf5 Rd6 29. Ne7 Kf6 30. Nxc6 Rxc6 31. Nxd5+ Kg7 32. Re7+ Kf8 33. c3 Rd6 34. Be6 h5 35. Kg2 h4 36. h3 gxh3+ 37. Kxh3 a5 38. Kxh4 b5 39. Kg5 Rxd5+ 40. Kf6 Rh5 41. Rf7+ Ke8 42. d5 Rh1 43. Ke5 Re1+ 44. Kd6 b4 45. Rg7 Rxe6+ 46. dxe6 Kf8 47. Rf7+ Kg8 48. cxb4 axb4 49. Ke7 b3 50. axb3 Kh8 51. Kf6 Kg8 52. e7 Kh8 53. e8=Q# 1-0

[Event "CYCC U12"]
[Site "Sault Ste Marie CAN"]
[Date "2017.07.06"]
[Round "2.64"]
[White "Lu, Lucas Yunkun"]
[Black "Bui, Alan"]
[Result "1-0"]
[WhiteElo "1299"]
[BlackElo "1716"]
[WhiteFideId "-1"]
[WhiteFideId "-1"]
[PlyCount "139"]
[GameId "2160767908410307"]
[EventDate "2017.07.06"]
[EventType "swiss"]
[EventRounds "7"]
[EventCountry "CAN"]
[SourceTitle "hb 2017"]

1. e4 e5 2. Nf3 Nc6 3. Bb5 a6 4. Bxc6 dxc6 5. O-O Bg4 6. d3 Bc5 7. Be3 Bd6 8. Nbd2 Ne7 9. Qc1 O-O 10. h3 Bh5 11. c3 f5 12. Bg5 fxe4 13. dxe4 h6 14. Bh4 Qe8 15. Bxe7 Qxe7 16. Qc2 Rf7 17. Qb3 Rb8 18. Rab1 Kh8 19. c4 b5 20. Rbc1 Rff8 21. Rc2 Bf7 22. Qd3 Rfd8 23. Qe2 Rb6 24. Rfc1 Rdb8 25. c5 R6b7 26. cxd6 cxd6 27. Rxc6 a5 28. b3 b4 29. Qe3 a4 30. Nc4 Bxc4 31. R6xc4 axb3 32. axb3 Ra8 33. Qd2 Rab8 34. Rd1 Rb6 35. Rdc1 R8b7 36. Qd5 Rb5 37. Rc8+ Kh7 38. Qg8+ Kg6 39. g3 R5b6 40. Nh4+ Kg5 41. Qh7 Qe6 42. Nf3+ Kf6 43. Rf8+ Rf7 44. Rxf7+ Kxf7 45. Rc7+ Ke8 46. Qxg7 Kd8 47. Ra7 Rc6 48. Ra8+ Rc8 49. Qf8+ Kc7 50. Qxc8+ Qxc8 51. Rxc8+ Kxc8 52. Kg2 Kc7 53. Nd2 Kc6 54. f4 d5 55. exd5+ Kxd5 56. fxe5 Kxe5 57. Kf3 Kd4 58. Ke2 Kc3 59. Ke3 Kc2 60. g4 Kc3 61. h4 Kc2 62. g5 Kc3 63. g6 h5 64. g7 Kb2 65. g8=Q Ka3 66. Kd3 Ka2 67. Qa8+ Kb2 68. Qh8+ Ka2 69. Kc2 Ka3 70. Qa1# 1-0

[Event "CYCC U12"]
[Site "Sault Ste Marie CAN"]
[Date "2017.07.06"]
[Round "2.65"]
[White "Guo, Roger"]
[Black "Xiang, Christopher"]
[Result "0-1"]
[WhiteElo "1230"]
[BlackElo "1271"]
[WhiteFideId "-1"]
[WhiteFideId "-1"]
[PlyCount "136"]
[GameId "2160767908410308"]
[EventDate "2017.07.06"]
[EventType "swiss"]
[EventRounds "7"]
[EventCountry "CAN"]
[SourceTitle "hb 2017"]

1. d4 Nf6 2. Nf3 g6 3. Nc3 Bg7 4. e4 d6 5. Bd3 O-O 6. O-O e5 7. dxe5 dxe5 8. Nxe5 Nxe4 9. Nxe4 Bxe5 10. Bh6 Bg7 11. Bxg7 Kxg7 12. Qf3 Nc6 13. Bb5 Nd4 14. Qf4 a6 15. Bd3 Bf5 16. c3 Ne6 17. Qe3 Qe7 18. Ng3 Bxd3 19. Qxd3 Rad8 20. Qe4 Qd6 21. Qg4 Qb6 22. b3 Rd2 23. Nf5+ Kh8 24. Ne3 Qc5 25. c4 Qa3 26. Qf3 c6 27. Qf6+ Ng7 28. Ng4 Qd6 29. Qh4 Nh5 30. Qg5 Rd8 31. Nh6 Qf8 32. Qe5+ f6 33. Qe3 R8d3 34. Qe6 Qxh6 35. Qe8+ Kg7 36. Rfe1 Rd7 37. Re3 Rd1+ 38. Re1 Rxe1+ 39. Rxe1 Qd2 40. Re2 Qd1+ 41. Re1 Nf4 42. g3 Qg4 43. Re4 Rd1+ 44. Re1 Rxe1+ 45. Qxe1 Qe2 46. Qc1 Nd3 47. Qf1 Qxf1+ 48. Kxf1 Kf7 49. Ke2 Nc1+ 50. Kd2 Nxa2 51. Kc2 Nb4+ 52. Kc3 c5 53. Kd2 Ke6 54. Ke2 g5 55. f3 h5 56. g4 h4 57. h3 Ke5 58. Ke3 b5 59. cxb5 axb5 60. Ke2 Kf4 61. Kf2 c4 62. bxc4 bxc4 63. Kg2 c3 64. Kf2 c2 65. Kg2 c1=Q 66. Kf2 Qd2+ 67. Kf1 Kg3 68. Kg1 Qc1# 0-1

[Event "CYCC U12"]
[Site "Sault Ste Marie CAN"]
[Date "2017.07.06"]
[Round "2.66"]
[White "Joseph, Clarin X"]
[Black "Chakkoli, Anirud"]
[Result "0-1"]
[WhiteElo "711"]
[BlackElo "1174"]
[WhiteFideId "-1"]
[WhiteFideId "-1"]
[PlyCount "90"]
[GameId "2160767908410309"]
[EventDate "2017.07.06"]
[EventType "swiss"]
[EventRounds "7"]
[EventCountry "CAN"]
[SourceTitle "hb 2017"]

1. e4 c5 2. Nf3 d6 3. Bc4 Nf6 4. Ng5 e6 5. c3 h6 6. Nf3 Nxe4 7. d3 Nf6 8. O-O Nc6 9. Re1 Be7 10. Be3 O-O 11. d4 cxd4 12. cxd4 a6 13. Nc3 b5 14. Bb3 Bb7 15. d5 exd5 16. Nxd5 Nxd5 17. Bxd5 Na5 18. Bxb7 Nxb7 19. Qd4 Qd7 20. Bd2 Bf6 21. Ne5 Qf5 22. f4 dxe5 23. fxe5 Be7 24. Bc3 Bc5 25. Rf1 Bxd4+ 26. Bxd4 Qe6 27. Rae1 Rfd8 28. Bc3 Nc5 29. Re3 Qxa2 30. Re2 Qc4 31. Re3 Rd3 32. Ree1 Rad8 33. Ba5 R8d7 34. b4 Nb7 35. Bb6 Qxb4 36. Bf2 Nc5 37. Rb1 Rb3 38. Be1 Qc4 39. Ra1 Rbd3 40. Bg3 Ne4 41. Bh4 b4 42. Rfc1 Qd4+ 43. Kh1 Rd1+ 44. Be1 Nf2+ 45. Kg1 Nh3+ 0-1